000 00638cam a2200217 4500500
005 20260405003702.0
041 _afre
042 _adc
100 1 0 _aEnjalbert, Cédric
_eauthor
245 0 0 _a“Dom Juan ou le festin de pierre”. Tombeur déboulonné
260 _c2023.
500 _a17
690 _aDom Juan
690 _aMâle
690 _aMolière
690 _aRuine
690 _aSéduction
690 _aThéâtre
786 0 _nPhilosophie magazine | 168 | 4 | 2023-04-01 | p. 75-75 | 1951-1787
856 4 1 _uhttps://shs.cairn.info/magazine-philosophie-magazine-2023-4-page-75?lang=fr&redirect-ssocas=7080
999 _c2069850
_d2069850